Naam banaam hamad o sana = نام بنام حمدوثناء / (Record no. 129257)
[ view plain ]
| 000 -LEADER | |
|---|---|
| fixed length control field | 00468nam a22001457a 4500 |
| 005 - DATE AND TIME OF LATEST TRANSACTION | |
| control field | 20221025112326.0 |
| 008 - FIXED-LENGTH DATA ELEMENTS--GENERAL INFORMATION | |
| fixed length control field | 221025b ||||| |||| 00| 0 eng d |
| 040 ## - CATALOGING SOURCE | |
| Transcribing agency | PK-LaUMT |
| 082 ## - DEWEY DECIMAL CLASSIFICATION NUMBER | |
| Classification number | APC 297.2112 |
| Item number | ANW-N |
| 100 ## - MAIN ENTRY--PERSONAL NAME | |
| Personal name | Anwar Azmi = انوار عزمی |
| 245 ## - TITLE STATEMENT | |
| Title | Naam banaam hamad o sana = نام بنام حمدوثناء / |
| Statement of responsibility, etc | by Anwar Azmi = انوار عزمی |
| 260 ## - PUBLICATION, DISTRIBUTION, ETC. (IMPRINT) | |
| Place of publication, distribution, etc | Karachi : |
| Name of publisher, distributor, etc | Markazi Anjuman Soharwarida, |
| Date of publication, distribution, etc | 1998 |
| 300 ## - PHYSICAL DESCRIPTION | |
| Extent | 144 p. |
| 942 ## - ADDED ENTRY ELEMENTS (KOHA) | |
| Koha item type | Books |
| Withdrawn status | Lost status | Damaged status | Home library | Current library | Date acquired | Full call number | Barcode | Date last seen | Price effective from | Koha item type |
|---|---|---|---|---|---|---|---|---|---|---|
| UMT Main Campus | UMT Main Campus | 2022-10-25 | APC 297.2112 ANW-N | 143289 | 2022-10-25 | 2022-10-25 | Books |
